Statistiken für All Hybrid Theory (Bonus Edition) Songs

Klicken Sie hier um das Quiz zu spielen!

Allgemein

  • Dieses Quiz wurde 4 mal gespielt
  • Das Durchschnittsergebnis liegt bei 6 aus 14

Antwortstatistiken

Hybrid Theory % Korrekt
8In the End
100%
5Crawling
75%
2One Step Closer
75%
1Papercut
75%
6Runaway
75%
3With You
50%
9A Place for My Head
25%
7By Myself
25%
11Cure for the Itch
25%
14High Voltage
25%
13My December
25%
4Points of Authority
25%
10Forgotten
0%
12Pushing Me Away
0%

Verteilung der Resultate

Perzentil nach korrekt beantworteten Fragen

Anzahl Personen mit jedem Resultat

Ihre Resultats-Entwicklung

Sie haben dieses Quiz noch nicht gespielt